Влияние захоронения сточных вод нефтегазопромыслов на подземные микробиоценозы; Известия Томского политехнического университета [Известия ТПУ]; Т. 305, вып. 6 : Геология, поиски и разведка полезных ископаемых Сибири
| Parent link: | Известия Томского политехнического университета [Известия ТПУ]/ Томский политехнический университет (ТПУ).— , 2000- Т. 305, вып. 6 : Геология, поиски и разведка полезных ископаемых Сибири.— 2002.— [С. 389-402] |
|---|---|
| Autor principal: | |
| Outros Autores: | , |
| Resumo: | Заглавие с титульного листа Электронная версия печатной публикации Экспериментальное исследование влияния захоронения сточных вод на подземные микробиоценозы, выполненное на примере Советского нефтяного месторождения (Западная Сибирь), показало, что химическая среда пластовых вод оказывается благоприятной для развития гетеротрофной, нефтеокисляющеи и сульфатредуцирующеи микрофлоры хозяйственно-бытовых вод при любых разбавлениях. Интенсивность развития аммонифицирующих бактерий хозяйственно-бытовых вод в химической среде пластовых вод напротив обычно понижается, а железобактерии в смесях любых пропорций полностью исчезают. В химической среде пресных хозяйственно-бытовых вод интенсивно развиваются гетеротрофные, аммонифицирующие и сульфатредуцирующие бактерии пластовой воды, но снижается количество нефтеокиеляющих бактерий за счет исчезновения видов, типичной средой обитания которых являются пластовые воды. Малые разбавления, в целом, способствуют жизнедеятельности привносимых микроорганизмов, увеличивая общее число бактерий, тогда как при высоких разбавлениях, превышающих 1:5000, пластовые воды действуют на инородные микробиоценозы угнетающе. |
| Idioma: | russo |
| Publicado em: |
2002
|
| Colecção: | Вопросы геоэкологии |
| Assuntos: | |
| Acesso em linha: | http://www.lib.tpu.ru/fulltext/v/Bulletin_TPU/2002/v305/i6/33.pdf |
| Formato: | MixedMaterials Recurso Electrónico Capítulo de Livro |
| KOHA link: | https://koha.lib.tpu.ru/cgi-bin/koha/opac-detail.pl?biblionumber=166088 |
MARC
| LEADER | 00000nla2a2200000 4500 | ||
|---|---|---|---|
| 001 | 166088 | ||
| 005 | 20231031162124.0 | ||
| 035 | |a (RuTPU)RU\TPU\book\180164 | ||
| 035 | |a RU\TPU\book\180155 | ||
| 090 | |a 166088 | ||
| 100 | |a 20090924d2002 k y0rusy50 ca | ||
| 101 | 0 | |a rus | |
| 102 | |a RU | ||
| 135 | |a drnn ---uucaa | ||
| 200 | 1 | |a Влияние захоронения сточных вод нефтегазопромыслов на подземные микробиоценозы |f М. Б. Букаты, Н. Г. Наливайко, Т. Н. Сидоренко | |
| 215 | |a 1 файл (11 Мб) | ||
| 225 | 1 | |a Вопросы геоэкологии | |
| 230 | |a Электронные текстовые данные (1 файл : 11 Мб) | ||
| 300 | |a Заглавие с титульного листа | ||
| 300 | |a Электронная версия печатной публикации | ||
| 320 | |a [Библиогр.: с. 401 (6 назв.)] | ||
| 330 | |a Экспериментальное исследование влияния захоронения сточных вод на подземные микробиоценозы, выполненное на примере Советского нефтяного месторождения (Западная Сибирь), показало, что химическая среда пластовых вод оказывается благоприятной для развития гетеротрофной, нефтеокисляющеи и сульфатредуцирующеи микрофлоры хозяйственно-бытовых вод при любых разбавлениях. Интенсивность развития аммонифицирующих бактерий хозяйственно-бытовых вод в химической среде пластовых вод напротив обычно понижается, а железобактерии в смесях любых пропорций полностью исчезают. В химической среде пресных хозяйственно-бытовых вод интенсивно развиваются гетеротрофные, аммонифицирующие и сульфатредуцирующие бактерии пластовой воды, но снижается количество нефтеокиеляющих бактерий за счет исчезновения видов, типичной средой обитания которых являются пластовые воды. Малые разбавления, в целом, способствуют жизнедеятельности привносимых микроорганизмов, увеличивая общее число бактерий, тогда как при высоких разбавлениях, превышающих 1:5000, пластовые воды действуют на инородные микробиоценозы угнетающе. | ||
| 337 | |a Adobe Reader | ||
| 461 | 1 | |0 (RuTPU)RU\TPU\book\176237 |t Известия Томского политехнического университета [Известия ТПУ] |f Томский политехнический университет (ТПУ) |d 2000- | |
| 463 | 1 | |0 (RuTPU)RU\TPU\book\180006 |t Т. 305, вып. 6 : Геология, поиски и разведка полезных ископаемых Сибири |o тематический выпуск |v [С. 389-402] |d 2002 |p 446 с. | |
| 610 | 1 | |a труды учёных ТПУ | |
| 610 | 1 | |a электронный ресурс | |
| 610 | 1 | |a захоронения | |
| 610 | 1 | |a сточные воды | |
| 610 | 1 | |a Советское нефтяное месторождение | |
| 610 | 1 | |a подземные микробиоценозы | |
| 610 | 1 | |a Западная Сибирь | |
| 610 | 1 | |a Томская область | |
| 610 | 1 | |a нефтегазопромысловая геохимия | |
| 610 | 1 | |a экспериментальные исследования | |
| 610 | 1 | |a пластовые воды | |
| 610 | 1 | |a гетеротермальный литогенез | |
| 610 | 1 | |a микрофлора | |
| 610 | 1 | |a бактерии | |
| 610 | 1 | |a железобактерии | |
| 610 | 1 | |a микроорганизмы | |
| 610 | 1 | |a природные воды | |
| 610 | 1 | |a микробиологическая совместимость вод | |
| 700 | 1 | |a Букаты |b М. Б. |c российский гидрогеолог |c профессор Томского политехнического университета, доктор геолого-минералогических наук |f 1950-2010 |g Михаил Болеславович |2 stltpush |3 (RuTPU)RU\TPU\pers\26087 | |
| 701 | 1 | |a Наливайко |b Н. Г. |c гидрогеолог |c доцент Томского политехнического университета, кандидат геолого-минералогических наук |f 1946- |g Нина Григорьевна |2 stltpush |3 (RuTPU)RU\TPU\pers\26084 | |
| 701 | 1 | |a Сидоренко |b Т. Н. | |
| 801 | 1 | |a RU |b 63413507 |c 20090623 |g PSBO | |
| 801 | 2 | |a RU |b 63413507 |c 20210420 |g PSBO | |
| 856 | 4 | |u http://www.lib.tpu.ru/fulltext/v/Bulletin_TPU/2002/v305/i6/33.pdf | |
| 942 | |c CF | ||